WordPerfect für Windows Anleitungen für die tägliche Arbeit. Praxisbuch
Saved in:
| Main Author: | |
|---|---|
| Format: | Book |
| Language: | German |
| Published: |
Haar bei München
Markt und Technik
1992
|
| Edition: | 1. Aufl. |
| Tags: |
No Tags, Be the first to tag this record!
|
MARC
| LEADER | 00000nam a2200000 4500 | ||
|---|---|---|---|
| 001 | c010335 | ||
| 005 | 20221214091959.9 | ||
| 020 | |a 3-87791-275-3 | ||
| 041 | 0 | |a ger | |
| 044 | |a DE | ||
| 245 | 1 | 0 | |a WordPerfect für Windows |b Anleitungen für die tägliche Arbeit. Praxisbuch |c Daniel Sillescu |
| 250 | |a 1. Aufl. | ||
| 264 | 1 | |a Haar bei München |b Markt und Technik |c 1992 | |
| 300 | |a 326 s. | ||
| 100 | 1 | |a Sillescu, Daniel | |